| 000 | 00727nam a2200253Ia 4500 | ||
|---|---|---|---|
| 003 | OSt | ||
| 005 | 20221006153405.0 | ||
| 006 | a|||||r|||| 00| 0 | ||
| 007 | ta | ||
| 008 | 221006b |||||||| |||| 00| 0 eng d | ||
| 020 |
_a9780824814267 _c¥3,850 |
||
| 024 | _a32,200 | ||
| 037 |
_bGift, Japan Foundation _cTextual |
||
| 040 |
_aEASL _cEASL _beng |
||
| 041 |
_2eng _aeng |
||
| 082 | _aO42,2M68, N2 | ||
| 100 |
_aBRANDON James R Tr. _951815 |
||
| 245 | 0 |
_aKabuki _b Five classic plays |
|
| 260 |
_aHonolulu _bUniversity of Hawaii Press _c1992 |
||
| 300 |
_a378p. _ccm. |
||
| 490 | _v JEL | ||
| 942 |
_hO42,2M68, N2 _cTEXL _2CC |
||
| 999 |
_c1100286 _d1100286 |
||